[Event "BEL-ch op"]
[Site "Niel"]
[Date "2017.07.06"]
[Round "6"]
[White "Atanasiu, Nicolae"]
[Black "Nica, Radu Catalin"]
[Result "1-0"]
[WhiteElo "1861"]
[BlackElo "1515"]
[PlyCount "65"]
[EventDate "2017.07.01"]
[EventType "swiss"]
[EventRounds "9"]
[EventCountry "BEL"]
[SourceTitle "EXT 2018"]
[Source "ChessBase"]
[SourceDate "2017.10.13"]
[SourceVersion "1"]
[SourceVersionDate "2017.10.13"]
[SourceQuality "1"]

1. d4 d5 2. Nf3 Nf6 3. c3 e6 4. Bf4 Bd6 5. Bg3 0-0 6. e3 a6 7. Nbd2 b5 8. Bd3 Nc6 9. Ne5 Bxe5 10. dxe5 Nd7 11. Nf3 Nc5 12. 0-0 Nxd3 13. Qxd3 h6 14. b4 Bb7 15. a4 Na7 16. Nd4 Qd7 17. Nb3 Qc8 18. f4 Bc6 19. a5 Be8 20. Bh4 Nc6 21. Nc5 g5 22. Bg3 f6 23. exf6 Rxf6 24. f5 Bf7 25. fxe6 Rxf1+ 26. Rxf1 Bh5 27. Nd7 Kg7 28. Qxd5 Ne7 29. Qe5+ Kg6 30. Qf6+ Kh7 31. Qxe7+ Kh8 32. Be5+ Kg8 33. Qg7# 1-0

[Event "BEL-ch op"]
[Site "Niel"]
[Date "2017.07.02"]
[Round "2"]
[White "Van Dijck, Bjarne"]
[Black "Nica, Radu Catalin"]
[Result "1-0"]
[WhiteElo "1787"]
[BlackElo "1515"]
[PlyCount "57"]
[EventDate "2017.07.01"]
[EventType "swiss"]
[EventRounds "9"]
[EventCountry "BEL"]
[SourceTitle "EXT 2018"]
[Source "ChessBase"]
[SourceDate "2017.10.13"]
[SourceVersion "1"]
[SourceVersionDate "2017.10.13"]
[SourceQuality "1"]

1. e4 e5 2. Nf3 Nc6 3. Bc4 h6 4. 0-0 Nf6 5. d3 Bc5 6. c3 0-0 7. a4 a6 8. Nbd2 d5 9. exd5 Nxd5 10. Re1 Bg4 11. Ne4 Ba7 12. Bxh6 gxh6 13. Bxd5 Kg7 14. Bxc6 bxc6 15. h3 Bxf3 16. Qxf3 f6 17. Ng3 Qd5 18. Qh5 Rh8 19. d4 Rae8 20. dxe5 Rxe5 21. Rxe5 Qxe5 22. Nf5+ Kf8 23. Rd1 Bxf2+ 24. Kxf2 Qc5+ 25. Kf1 Qc4+ 26. Kg1 Qc5+ 27. Kh1 Qd5 28. Rxd5 cxd5 29. Qg6 1-0